| 000 | 01005nas a2200325 4500 | ||
|---|---|---|---|
| 001 | BR2014000368 | ||
| 003 | BR-BrBNA | ||
| 005 | 20231205123611.0 | ||
| 007 | ta | ||
| 008 | 230509b bl.|||p| |||| 00| 00por d | ||
| 040 |
_aBR-BrBNA _bpor _cBiblioteca Nacional de Agricultura |
||
| 041 | _a(Pt) | ||
| 072 | _aT01 | ||
| 100 | 1 | _aCosta, E.T. de S. | |
| 100 | 1 | _aGuilherme, L.R.G. | |
| 100 | 1 | _aCuri, N. | |
| 100 | 1 | _aOliveira, L.C.A. de | |
| 100 | 1 | _aVisioli, E.L. | |
| 100 | 1 | _aLopes, G. | |
| 245 | 1 | _aSubproduto da indústria de alumínio como amenizante de solos contaminados com cádmio e chumbo | |
| 650 | _aSOLO | ||
| 650 | _aCONTAMINAÇÃO | ||
| 650 | _aMATÉRIA SECA | ||
| 650 | _aCADMIO | ||
| 650 | _aCHUMBO | ||
| 773 | 0 |
_tRevista Brasileira de Ciência do Solo (Brazil) _xISSN 0100-0683 _g(Nov-Dec 2008), v. 32(6) p. 2533-2546 _wBR2014000368 |
|
| 856 | 4 | 0 | _uhttp://www.scielo.br/pdf/rbcs/v32n6/v32n6a30.pdf |
| 909 |
_a202311 _bLúcia _c55 _dLúcia Elande |
||
| 942 |
_2AGRIS _n0 _cANA |
||
| 999 |
_c234715 _d234715 |
||